=LDR 00000nam 2200000 4500 =001 INLIS000000000012454 =005 20130612103957 =008 ***********************************Ind** =035 ##$$0010-061300000012454 =041 ##$$a Ind =082 ##$$a 419.212 4 =090 ##$$a 419. 212 4, Rus p =100 ##$$a Ruskhan, Abdul Safani =245 ##$$a Pungutan padu bahasa arab dalam bahasa indonesia, Abdul Goffan Ruskhan Erwina Burhanuddin =260 ##$$a 2000 $b Jakarta =300 ##$$a ix, 103 hlm., 21 cm =650 ##$$a Bahasa Indonesia pergaulan bahasa Arab =700 ##$$a Burhanuddin, Erwina =850 ##$$a NBPNMAT